| 000 | 00604 a2200217 4500 | ||
|---|---|---|---|
| 001 | 63049 | ||
| 005 | 20260407155925.0 | ||
| 008 | 260407a1948 arg spa d | ||
| 003 | AR-UNSa-BCEJYS | ||
| 040 |
_aAR-UNSa-BCEJYS _bspa _cAR-UNSa-BCEJYS |
||
| 080 |
_a372.851 _xEnseñanza de la Matemáticas |
||
| 245 | 1 | 0 | _aMetodología de la matemática elemental |
| 250 | _a2a. ed. | ||
| 264 | 1 |
_aBuenos Aires : _bIbero-Americana _c1948 |
|
| 300 |
_a161 p. _c20 cm. |
||
| 041 | _aspa | ||
| 942 | _cBK | ||
| 590 | _aniveau_biblio:m niveau_hierar:0 | ||
| 100 | 1 | _aRey Pastor, Julio | |
| 700 | 1 | _aPuig Adam, P. | |
| 999 |
_c7950 _d7950 |
||